Applications of mass spectrometry to synthetic polymers (1985 reviews) (Record no. 54436)

MARC details
000 -LEADER
fixed length control field 00456nam a2200157Ia 4500
100 ## - MAIN ENTRY--AUTHOR NAME
Personal name Lattimer Robert P
245 #0 - TITLE STATEMENT
Title Applications of mass spectrometry to synthetic polymers (1985 reviews)
260 ## - PUBLICATION, DISTRIBUTION, ETC. (IMPRINT)
Name of publisher Rubber Chemistry and Technology
Year of publication 1985
300 ## - PHYSICAL DESCRIPTION
Number of Pages 577-621
650 ## - SUBJECT ADDED ENTRY--TOPICAL TERM
Topical Term 1985 reviews
650 ## - SUBJECT ADDED ENTRY--TOPICAL TERM
Topical Term Mass spectrometry
700 ## - ADDED ENTRY--PERSONAL NAME
Personal name Harris Robert E
700 ## - ADDED ENTRY--PERSONAL NAME
Personal name Schulten Hans-Rolf
942 ## - ADDED ENTRY ELEMENTS (KOHA)
Koha item type Journals
Holdings
Withdrawn status Lost status Damaged status Not for loan Home library Current library Shelving location Date acquired Serial Enumeration / chronology Koha item type
      Journals RRII Library RRII Library Rubber chemistry 17/12/2021 Volume 58, Issue 3 Journals